REGULÁCIA AKTIVITY ENZÝMOV REGULÁCIA MOZGOVEJ DEKARBOXYLÁZY GLUTAMÁTU

Bibliographic Details
Main Author: Turský, Timotej (Author)
Format: Article
Language:Slovak

MARC

LEADER 00000nab a2200000uu 4500
001 vtls011442259
003 SK-MaSNL
005 20260303123320.0
008 230213|1971 xo |||||||||||||||||slo|
015 |a SNBRB 
035 |a (urnnbn)urn:nbn:sk:snk:ar-0031z0 
035 |a (uuid)33681ae0-485b-4b52-a356-4817b8824ad9 
035 |a urn:nbn:sk:snk-abcgbe 
040 |a SNKBUCL  |b slo  |c SNKBUCL  |e AACR2 
041 0 |a slo 
044 |a xo  |c SK 
100 1 |a Turský, Timotej  |4 aut  |9 589432 
245 1 0 |a REGULÁCIA AKTIVITY ENZÝMOV REGULÁCIA MOZGOVEJ DEKARBOXYLÁZY GLUTAMÁTU  |c Timotej Turský 
773 0 |t Biológia : časopis Slovenskej akadémie vied  |g Roč. 26, č. 3 (1971), s. 193-202 
954 |a odborná, vedecká literatúra pôvodná (slovenská)  |2 lita 
958 |a OND 
958 |a EUIPO 
958 |a article16 
999 |c 1925131  |d 1927061